| 000 | 01563nam0a2200325 4500 | ||
|---|---|---|---|
| 001 | RU\NLR\bibl\1840655 | ||
| 005 | 20260406070631.0 | ||
| 010 |
_a978-5-86793-911-3 _91000 |
||
| 021 |
_aRU _b2011-88436 _96312 |
||
| 035 | _a(NLR Aleph) 001831118 | ||
| 090 |
_a2140040 _c2140040 |
||
| 100 | _a20111130d2011 |||y0rusy50 ca | ||
| 101 | 0 | _arus | |
| 102 | _aRU | ||
| 105 | _aac ||||||||| | ||
| 200 | 1 |
_aПисьма к Соне Делонэ, 1904-1928 _fА.А. Смирнов _g[вступ. ст. Джона Малмстада и Жан-Клода Маркадэ _gкоммент. сост. Джоном Малмстадом при участии Жан-Клода Маркадэ] |
|
| 210 |
_aМосква _cНовое литературное обозрение _d2011 |
||
| 215 |
_a519 с., [16] л. ил., цв. ил., портр. _cпортр. _d22 |
||
| 320 | _aБиблиогр. в подстроч. примеч. | ||
| 320 | _aИмен. указ.: с. 472-512 | ||
| 600 | 1 |
_aДелоне _bС. _f1885 - 1979 _gСоня _jПереписка _9930792 _3RU\NLR\auth\66342662 |
|
| 686 | _aЩ143(4Фр)6-8Делоне13 | ||
| 700 | 1 |
_4070 _7ca _8rus _aСмирнов _bА. А. _cлитературовед, переводчик _f1883-1962 _gАлександр Александрович _910329 _3RU\NLR\AUTH\7727292 |
|
| 702 | 1 |
_4660 _7ca _8rus _aДелонэ _bС. _cхудожник _f1885-1979 _gСоня _994642 _3RU\NLR\auth\77111717 |
|
| 801 | 0 |
_aRU _bNLR _c20111130 _gRCR |
|
| 801 | 1 |
_aRU _bNLR _c20111130 |
|
| 942 | _cBOOK | ||
| 980 | _aNB | ||
| 980 | _aNBR | ||